Sedi del Campionato mondiale di Formula 1 2010 - Statistics

Statistiche generali
  • Questo quiz è stato fatto 2 volte
  • Il punteggio medio è 9 su 19
Statistiche sulle risposte
Data Sede % Corretto
28 marzo Melbourne
100%
16 maggio Monaco
100%
12 settembre Monza
100%
11 luglio Silverstone
100%
14 novembre Abu Dhabi
50%
25 luglio Hockenheim
50%
9 maggio Montmeló
50%
13 giugno Montréal
50%
4 aprile Sepang
50%
18 aprile Shanghai
50%
26 settembre Singapore
50%
10 ottobre Suzuka
50%
27 giugno Valencia
50%
14 marzo Manama
0%
1º agosto Mogyoród
0%
7 novembre San Paolo
0%
29 agosto Stavelot
0%
30 maggio Tuzla
0%
24 ottobre Yeongam
0%
Nessun quiz corrispondente trovato
Distribuzione punteggi
Percentuale di utenti per punteggio
Percentile per numero di risposta
I tuoi punteggi nel tempo
Non hai fatto questo quiz